| 000 | 00660nam a2200217 a 4500 | ||
|---|---|---|---|
| 005 | 20240228063847.0 | ||
| 008 | 031021s1994 mx r 000 0 spa d | ||
| 020 | _a9681645553 | ||
| 035 | _aUPN01000130296 | ||
| 049 | _aI | ||
| 050 | 4 |
_aPZ71 _bR6.7 |
|
| 100 | 1 |
_aRoss, Tony _932982 |
|
| 245 | 1 | 3 |
_aEl trapito feliz / _cTony Ross ; tr. Catalina Domínguez. |
| 260 |
_aMéxico : _bFCE, _c1994. |
||
| 300 |
_a[26] p. : _bprincipalmente il. col. |
||
| 440 | 4 | _aLos especiales de a la orilla del viento | |
| 534 |
_pTraducción de: _tThe happy rag |
||
| 650 | 4 |
_aCuentos infantiles _96744 |
|
| 650 | 4 |
_aLibros y lectura para niños _92290 |
|
| 905 | _aInfantil | ||
| 999 |
_c102453 _d102453 |
||